Podnikanie v praxi mesačník o ekonomike a podnikaní

Guardado en:
Detalles Bibliográficos
Formato: Seriadas
Lenguaje:eslovaco
Publicado: Bratislava MF SLOVENSKO
Materias:
Etiquetas: Agregar Etiqueta
Sin Etiquetas, Sea el primero en etiquetar este registro!

MARC

LEADER 00000nas1a2200000 4500
001 s124962
005 20250708100153.3
022 |a 1335-7484 
041 0 |a slo 
044 |a SK 
245 1 0 |a Podnikanie v praxi  |b mesačník o ekonomike a podnikaní 
264 1 |a Bratislava  |b MF SLOVENSKO 
610 2 0 |a podnikanie 
610 2 0 |a podnikatelia 
610 2 0 |a manažéri